| 000 | 00458cam a2200193ua 4500 | ||
|---|---|---|---|
| 001 | 11569 | ||
| 008 | 191010n ii |||gr||||Z||||||eng | ||
| 020 | _a9788181922793 | ||
| 040 | _cMAIN | ||
| 041 | _aeng | ||
| 082 | _a658 | ||
| 100 |
_aKaran Saxena, _eAuthor. |
||
| 245 |
_aEvent management _cBy Karan Saxena |
||
| 250 | _a1st ed. | ||
| 260 |
_aJaipur: _bSublime publications, _c2015. |
||
| 300 | _a250p. | ||
| 653 | _aGeneral management | ||
| 942 | _cBK | ||
| 999 |
_c10388 _d10388 |
||